000 00653nam a22002177a 4500
999 _c15879
_d15879
003 AR-CdUCM
008 190430b ||||| |||| 00| 0 spa d
040 _aMUNICIPALIDAD PROVINCIAL DEL CUSCO
_cBIBLIOTECA MUNICIPAL DEL CUSCO
082 _a869.56 /
_bO38
100 _aO`hara Gonzales, Edgar
_935073
245 _aOrígenes y finalidades /
260 _aLima :
_bMelibea,
_c1976.
300 _bIlustraciones,
_c24 cm.
500 _aDedicatoria a Luis Nieto
505 _aContenido: Poesía peruana.
650 _aPoesía peruana
_9806
650 _aNubetonta
_935074
650 _aSiglo XX
_98
942 _2ddc
_cLIBROS
945 _adavv
_d30/04/2019